000 00601nam a22001817a 4500
003 CEME
005 20210628210619.0
008 210210b xxu||||| |||| 00| 0 eng d
020 _a0-471-15778-3
040 _c.
082 _a621.38152 FJE
100 _aShur, Michael Fjeldly, Tor.A Ytterdal, Trond
_980176
245 _aIntroduction to device modeling and circuit simulation
260 _aNEW YORK
_bJOHN WILEY
_c1998
300 _a410P
650 _aSEMICONDUCTORS-COMPUTER SIMULATION INTEGRATED CIRCUITS-DESIGN AND CONSTRUCTION-DATA PROCESSING COMPUTER AIDED DESIGN
_980177
942 _cBK
_2ddc
999 _c585140
_d585140